000 00663nam a2200217 a 4500
005 20230419063653.0
008 991125s1986 es 000 0 spa u
020 _a8432994219
035 _aUPN01000033479
049 _aCG
050 4 _aLB1140
_bC3.4
100 1 _aCaiati, M.
245 1 0 _aJuego libre en el jardín de infancia /
_cM. Caiati, S. Delac, A. Müller.
260 _aBarcelona [Esp.] :
_bCEAC,
_c1986.
300 _a158 p. :
_bil.
440 0 _aEducación y enseñanza.
_pBiblioteca preescolar.
650 2 _aJuego -
_xEstudio y enseñanza (preescolar)
_92995
700 1 _aDelac, S.,
_ecoaut.
700 1 _aMüller, A.,
_ecoaut.
905 _aLibro
999 _c33479
_d33479